Análisis y diseño de aplicaciones informáticas de gestión : una perspectiva de ingeniería del software /
Contenido: 1. Sistemas de información: Introducción a los sistemas de información; Sistemas de información básicos de las empresas; 2. El proceso de desarrollo de software: Ciclo de vida del software; Metodología de desarrollo de software; Gestión de proyectos software; Análisis de necesidades y est...
Guardado en:
| Otros autores: | |
|---|---|
| Formato: | Libro |
| Idioma: | Español |
| Publicado: |
México :
Alfaomega,
2004, c2004
|
| Temas: | |
| Etiquetas: |
Sin etiquetas, Sé el primero en etiquetar este registro!
|
MARC
| LEADER | 00000nam^a2200000^a^4500 | ||
|---|---|---|---|
| 001 | 000173599 | ||
| 005 | 20250521000000.0 | ||
| 009 | 20260310101501.818 | ||
| 020 | |a 970-15-0987-0 | ||
| 037 | |a Acervo ITESO - Biblioteca | ||
| 041 | |a ESP | ||
| 082 | |a 005. 1 |b ANA | ||
| 240 | 1 | 1 | |a [Análisis y diseño detallado de aplicaciones informáticas de gestión] |
| 245 | 0 | 0 | |a Análisis y diseño de aplicaciones informáticas de gestión : |b una perspectiva de ingeniería del software / |c M.G. Piattini Velthius... [et al.]. |
| 264 | 4 | |a México : |b Alfaomega, |c 2004, c2004 | |
| 300 | |a XXV, 710 p. + |e 1 disco compacto de computadora | ||
| 336 | |a texto |b txt |2 rdacontenido | ||
| 337 | |a sin mediación |b n |2 rdamedio | ||
| 338 | |a volumen |b nc |2 rdasoporte | ||
| 520 | |a Contenido: 1. Sistemas de información: Introducción a los sistemas de información; Sistemas de información básicos de las empresas; 2. El proceso de desarrollo de software: Ciclo de vida del software; Metodología de desarrollo de software; Gestión de proyectos software; Análisis de necesidades y estudio de viabilidad; Análisis de sistemas; Diseño de sistemas; Métrica de versión 3; Otros aspectos del diseño; Pruebas del software; La calidad del software; Verificación y validación del software; Gestión de la configuración software; Mantenimiento del software; 3. Tecnología: Entornos de programación; Sistemas de gestión de bases de datos; Tecnología cliente-servidor; Análisis y diseño asistido por ordenador: CASE. | ||
| 649 | |a XX | ||
| 650 | |a Empresas - |x Administración | ||
| 650 | |a Paquetes (Software) - |x Prueba y Medición | ||
| 650 | |a Paquetes (Software) - |x Evaluación | ||
| 650 | |a Paquetes (Software) - |x Mantenimiento | ||
| 650 | |a Bases de Datos - |x Diseño y Construcción | ||
| 650 | |a Sistemas de Información | ||
| 650 | |a Diseño del Producto | ||
| 650 | |a Diseño Industrial | ||
| 650 | |a Calidad del Producto | ||
| 650 | |a Control de Procesos | ||
| 650 | |a Control de Calidad | ||
| 650 | |a Proceso de Producción | ||
| 650 | |a Administración del Producto | ||
| 650 | |a Ingeniería de Procesos | ||
| 650 | |a Programación (Software) | ||
| 650 | |a Desarrollo de Sistemas | ||
| 650 | |a Sistemas Computacionales | ||
| 650 | |a Ingeniería de Software | ||
| 650 | |a Ingeniería Computacional | ||
| 700 | |a Piattini Velthuis, Mario Gerardo |e (autor) | ||
| 910 | |a Fondo General | ||
| 920 | |a Impresos - Libros | ||
| 930 | |a Colección General | ||
| 905 | |a 101 | ||
| 901 | |a 0500111705 |b IT1 |c ACC |u 20250521 | ||
| 901 | |a SFW0000053 |b IT2 |c SWS |u 20250521 | ||
| 901 | |a 0500111892 |b IT1 |c ACC |u 20250521 | ||
| 901 | |a SFW0000087 |b IT2 |c SWS |u 20250521 | ||
| 902 | |a https://opac.biblio.iteso.mx/vufind/Record/000173599 | ||